| 000 | 01285 a2200205 4500 | ||
|---|---|---|---|
| 003 | Nust | ||
| 005 | 20221206105744.0 | ||
| 010 | _a 91011690 | ||
| 020 | _a067521162X | ||
| 040 | _cNust | ||
| 082 | 0 | 0 | _a621.38154,BUC |
| 100 | 1 |
_aBuchla, David. _9104199 |
|
| 245 | 1 | 0 |
_aApplied electronic instrumentation and measurement / _cDavid Buchla, Wayne McLachlan. |
| 260 |
_aNew York : _bMerrill ; _aToronto : _bCollier Macmillan Canada ; _aNew York : _bMaxwell Macmillan International Pub. Group, _cc1992. |
||
| 300 |
_axviii, 830 p : _bill. ; _c24 cm. |
||
| 505 | _aMeasurement Principles (Page-3), Data and Data Analysis (Page-35), Standards and Calibration of Instruments (Page-70), Diode and Transistor Circuits (Page-103), Operational Amplifiers (Page-163), Digital Circuits (Page-219), Meters and Bridges (Page-281), Oscilloscopes (Page-333), Signal Sources (Page-395), Signal-Analysis Instruments (Page-426), Digital Analysis Instruments (Page-463), Noise and Noise Reduction Techniques (Page-493), Transducers (Page-545), Data Acquisition, Recording and Control (Page-596), Automatic Test Equipment (Page-624), Video Test Methods (Page-685), Biomedical Instruments (Page-742). | ||
| 650 | 0 | _aTelecommunication Engineering. | |
| 700 | 1 |
_aMcLachlan, Wayne. _9104200 |
|
| 942 |
_2ddc _cBK |
||
| 999 |
_c182443 _d182443 |
||